Music Quiz

Random Music or Artist Quiz

Headless Pop Stars Quiz Stats

 Plays Quiz Updated Jun 25, 2017

Support Sporcle.
Go Orange.
Score 0/20 Timer 06:00
1 Play Today
% Correct
Michael Jackson
98.3%
Katy Perry
90.9%
Beyoncé
89.5%
Adele
87.7%
Shakira
81.3%
Britney Spears
80.1%
Lady Gaga
79.6%
Ariana Grande
76.5%
Cher
76.1%
Amy Winehouse
72.7%
% Correct
Avril Lavigne
71.7%
Madonna
69.7%
Mariah Carey
67.5%
Taylor Swift
61.2%
Rihanna
53.6%
Christina Aguilera
47%
Tina Turner
46.5%
Justin Bieber
45.7%
Selena
24.5%
Diana Ross
11.8%

You're not logged in!

Compare scores with friends on all Sporcle quizzes.
OR
Log In
Forgot?

From the Vault

Pick a Spanish Dish

by hellofromUK

It's tough to play this quiz and not be extremely hungry at the end.
Remove Ads.
Support Sporcle.
Get the best of Sporcle when you Go Orange. This ad-free experience offers more features, more stats, and more fun while also helping to support Sporcle. Thank you for becoming a member.

Show Comments

Extras

Top Quizzes Today


Score Distribution

Your Account Isn't Verified!

In order to create a playlist on Sporcle, you need to verify the email address you used during registration. Go to your Sporcle Settings to finish the process.

Report this User

Report this user for behavior that violates our Community Guidelines.

Details: